00813nam a2200217Ia 4500008004100000020001800041082001600059100001900075245004400094250000800138260002500146300001100171500002400182650001500206700001400221942000700235952010400242952010400346952012800450999001700578230524s9999 xx 000 0 und d a9788120317239 a652.73bNIG aB.M.Lall Nigam 0aCost Accounting Principles and Practice aIST aNEW DELHIbPHIc2009 aX;1164 aQuantity Number: 3 aManagement a I.C.Jain cBK 00104070aTATCLbTATCLcGENd2023-05-24l0o652.73 NIGp30768r2023-05-24w2023-05-24yBKzMBA301 00104070aTATCLbTATCLcGENd2023-05-24l0o652.73 NIGp30769r2023-05-24w2023-05-24yBKzMBA301 00104070aTATCLbTATCLcGENd2023-05-24l1o652.73 NIGp30770q2020-06-12r2024-02-02s2024-02-02w2023-05-24yBKzMBA301 c43321d43321